=LDR 00000nam 2200000 4500 =001 INLIS000000000016539 =005 20130612111824 =008 ***********************************Ind** =035 ##$$0010-061300000016539 =041 ##$$a Ind =082 ##$$a 2x0 =090 ##$$a 2x0, Sin e =100 ##$$a Singh, Nagendra Kr =245 ##$$a Etika kekerasan dalam tradisi islam, Nagendra Kr Singh =260 ##$$a 2003 $b Yogyakarta =300 ##$$a 175 hlm, 2003 =650 ##$$a Islam =850 ##$$a NBPNMAT